HIGH POWER SWITCHING (Record no. 638069)

MARC details
000 -LEADER
fixed length control field 00371pam a2200157a 44500
008 - FIXED-LENGTH DATA ELEMENTS--GENERAL INFORMATION
fixed length control field 230515b1987 xxu||||| |||| 00| 0 eng d
020 ## - INTERNATIONAL STANDARD BOOK NUMBER
International Standard Book Number NULL
041 ## - LANGUAGE CODE
Language code of text/sound track or separate title ENGLISH
082 ## - DEWEY DECIMAL CLASSIFICATION NUMBER
Classification number 621.317 VIT
100 ## - MAIN ENTRY--PERSONAL NAME
Personal name VITKOVITSKYIHAR M
245 ## - TITLE STATEMENT
Title HIGH POWER SWITCHING
250 ## - EDITION STATEMENT
Edition statement 1
260 ## - PUBLICATION, DISTRIBUTION, ETC.
Place of publication, distribution, etc.
Name of publisher, distributor, etc. VAN NOSTRAND REINHOLD COMPANY LTD
Date of publication, distribution, etc. 1987
300 ## - PHYSICAL DESCRIPTION
Extent 303
650 ## - SUBJECT ADDED ENTRY--TOPICAL TERM
Topical term or geographic name entry element NULL
Holdings
Withdrawn status Lost status Damaged status Not for loan Home library Current library Shelving location Date acquired Source of acquisition Cost, normal purchase price Total Checkouts Full call number Barcode Date last seen Price effective from Koha item type
        College of Engineering, Pune College of Engineering, Pune   28/06/2010 BHARATI MADHAWARTI SAHAKARI GRAHAK BHANDAR LTD 1759.00   621.317 VIT ECP-G-24272 28/06/2023 28/06/2023 Book